| 000 | 00626cam a22002172 4500 | ||
|---|---|---|---|
| 001 | 0000002205 | ||
| 005 | 20151217145728.0 | ||
| 008 | 070404s xx 000 0 eng d | ||
| 020 | _a8120316096 : | ||
| 040 |
_aKABU _cKABU |
||
| 050 | 0 |
_aHF5415.13 _b.K68 2000 |
|
| 100 | 1 |
_aKotler, Philip. _@0000097559 |
|
| 245 | 1 | 0 |
_aMarketing management / _cPhilip Kotler. |
| 250 | _a10th ed. | ||
| 260 |
_aNew Delhi : _bPrentice-Hall of India, _cc2000. |
||
| 300 | _axxxi, 718, 31 p. | ||
| 650 | 0 |
_aMarketing _xManagement. _@0000150912 |
|
| 908 | _a070404 | ||
| 950 | _@1 | ||
| 999 |
_c1969 _d1969 |
||